00738cam a2200229 a 450000100070000000500170000700800410002402000170006504000180008208200200010024500730012026000570019330000160025065000130026665000130027965000120029270000270030485600660033194200060039795200920040399900130049564936520240208022311.0931112s1993 ii b 001 0 eng  a0195628357 : aDLCcDLCdDLC00a306.8221bFAM.00aFamily, kinship, and marriage in India /cedited by Patricia Uberoi. aDelhi ;aNew York :bOxford University Press,c1993. ax, 502 p. : 0aFamilies 0aMarriage 0aKinship1 aUberoi, Patricia.eedt42uhttp://www.loc.gov/catdir/enhancements/fy0638/93906668-d.html cL 001040708LaWERCLbWERCLd2024-02-08l0o306.8 FAM.p2004r2024-02-08w2024-02-08yL c332d332